Normal view MARC view

Entry Personal Name

Number of records used in: 1

001 - CONTROL NUMBER

  • control field: 10537

003 - CONTROL NUMBER IDENTIFIER

  • control field: DLC

005 - DATE AND TIME OF LATEST TRANSACTION

  • control field: 20250524154000.0

008 - FIXED-LENGTH DATA ELEMENTS

  • fixed length control field: 940324n| azannaab |n aaa

010 ## - LIBRARY OF CONGRESS CONTROL NUMBER

  • LC control number: n 94028718

040 ## - CATALOGING SOURCE

  • Original cataloging agency: DLC
  • Transcribing agency: DLC
  • Description conventions: rda
  • Modifying agency: DLC

100 1# - HEADING--PERSONAL NAME

  • Personal name: Hynes, Geraldine E.

375 ## - GENDER

  • Gender: female

377 ## - ASSOCIATED LANGUAGE

  • Language code: eng

670 ## - SOURCE DATA FOUND

  • Source citation: Contemporary business communication, c1994:
  • Information found: t.p. (Geraldine E. Hynes; University of Missouri-St. Louis)

670 ## - SOURCE DATA FOUND

  • Source citation: Managerial communication, 2018:
  • Information found: eCIP t.p. (Geraldine E. Hynes) data view screen (PhD; professor in the College of Business Administration, Sam Houston State University, Huntsville, Texas, USA, where she has taught business and managerial communication at the undergraduate and graduate levels since 2001; provides leadership to her discipline through the Association for Business Communication and was elected ABC president in 2010)

Powered by Koha